Pacha Pulai
Guardat en:
| Autor principal: | |
|---|---|
| Format: | Llibre |
| Idioma: | espanyol |
| Publicat: |
Santiago
Zig-Zag
1987
|
| Edició: | 18a. ed |
| Col·lecció: | Colección Juvenil
|
| Matèries: | |
| Etiquetes: |
Afegir etiqueta
Sense etiquetes, Sigues el primer a etiquetar aquest registre!
|
MARC
| LEADER | 00000nam a2200000 a 4500 | ||
|---|---|---|---|
| 001 | UCH4255 | ||
| 003 | CL-VaPUC | ||
| 008 | 090818e19870000CL |||||||||||||||||spa|d | ||
| 082 | 0 | 4 | |a Ch863 |b SIL |2 21 |
| 100 | 0 | |a Silva Andueza, Hugo |e author |9 539722 | |
| 245 | 1 | 0 | |a Pacha Pulai |
| 250 | |a 18a. ed | ||
| 300 | |a 219 p | ||
| 942 | |c BK | ||
| 945 | |d 20090818 00:00:00 |a lazolas | ||
| 260 | |a Santiago |b Zig-Zag |c 1987 | ||
| 650 | 0 | |a Novelas chilenas |9 265425 | |
| 583 | |a last modification |c 20090818 00:00:00 |k Rodrigo Vera | ||
| 490 | 0 | |a Colección Juvenil | |
| 999 | |c 335589 |d 335587 | ||